| 000 | 01078nam a2200241 i 4500 | ||
|---|---|---|---|
| 001 | 18414 | ||
| 003 | ES-MaACL | ||
| 005 | 20240524161006.0 | ||
| 007 | t| | ||
| 008 | 011227s1899 sp af ||||1| spa d | ||
| 080 | _a72(460.182) | ||
| 100 | 1 |
_aGarcía de Quevedo y Concellón, Eloy. _954494 |
|
| 245 | 1 | 0 |
_aExcursiones por la provincia de Burgos _b: conferencia de la serie organizada por la Sociedad Española de Excursiones, dada en el Ateneo de Madrid el 17 de marzo de 1899 / _cpor Eloy García de Quevedo y Concellón. |
| 260 |
_aMadrid : _b[s.n.], _c1899 ( _fImp. de San Francisco de Sales) |
||
| 300 |
_a28 p., [5] h. lám. : _bil. ; _c28 cm. |
||
| 530 | _aDisponible en formato digital. | ||
| 610 | 2 | 4 |
_aAteneo de Madrid- _vConferencias- _yS.XIX. _91910 |
| 650 | 4 |
_aArquitectura- _zBurgos (Provincia) _99988 |
|
| 710 | 2 |
_aSociedad Española de Excursiones. _96722 |
|
| 852 | 4 |
_aES-MaACL _jT-996-F-2 _z. - Dedicatoria autógrafa del autor |
|
| 856 | 4 |
_uhttp://bdh-rd.bne.es/viewer.vm?id=0000081188&page=1 _zBiblioteca Digital Hispánica |
|
| 999 |
_c18414 _d18414 |
||